Hz. Peygamber ve Çocuklar - Tüm İnsanların Peygamberi 1 (Kayıt no. 1274110)

MARC ayrıntıları
000 -LEADER
sabit uzunluktaki kontrol alanı 00315nam a2200109Ia 4500
001 - KONTROL NUMARASI
kontrol alanı 1274110
005 - EN SON İŞLEMİN TARİH VE ZAMANI
kontrol alanı 20260417160401.0
008 - SABİT-UZUNLUKTA VERİ ÖĞELERİ--GENEL BİLGİ
sabit uzunluktaki kontrol alanı 260417s9999 xx 000 0 und d
020 ## - ULUSLARARASI STANDART KİTAP NUMARASI
Uluslararası Standart Kitap Numarası 9786258317602
245 #0 - ESER / YAZAR
ESER ADI Hz. Peygamber ve Çocuklar - Tüm İnsanların Peygamberi 1
Yazar Adı Vejdi Bilgin
260 ## - YAYIN, DAĞITIM, VB.
YAYIN EVİ Beyan Yayınları
Mevcut
Düşüm durumu Kayıp durumu Hasar Durumu Ödünç verilmez Ana kütüphane Geçerli Kütüphane Edinilen tarih Toplam ödünç verme sayısı Barkod Son görüntüleme tarihi Fiyatın geçerli olmaya başladığı tarih Koha materyal türü
        FATİH ORTAOKULU FATİH ORTAOKULU 17.04.2026   1108374 17.04.2026 17.04.2026 Kitaplar
Gemini Bilgi Teknolojileri A.Ş. tarafından düzenlenmiştir.